00287 2200133 4500001002100000005001500021035002000036245003900056300000700095260001900102082000800121084001200129990001200141INLIS00000000000215320250527114219 a0010-0525000445 aMembuat Carport Unik /cBernat. H. a79 bSwadaya,c2006 a600 a600 MEM a0713243